000
00239nam a22000857a 4500
999
_c
11408
_d
11408
008
190416b ||||| |||| 00| 0 eng d
020
_a
9788178557472
100
_9
7140
_a
GOEL D K ET AL
245
_a
BUSINESS STUDIES CLASS XII IN QUESTION -ANSWER